Rodinné vinárstvo
Salvato in:
| Autore principale: | |
|---|---|
| Altri autori: | |
| Natura: | Manoscritto Libro |
| Lingua: | slovacco |
| Pubblicazione: |
2025
|
| Soggetti: | |
| Accesso online: | http://is.stuba.sk/zp/portal_zp.pl?podrobnosti=193896 CRZP |
| Tags: |
Nessun Tag, puoi essere il primo ad aggiungerne!!
|
MARC
| LEADER | 00000ntm a22000003a 4500 | ||
|---|---|---|---|
| 001 | stuzp104258 | ||
| 003 | SK-STU | ||
| 005 | 20250722141128.2 | ||
| 007 | ta | ||
| 008 | 150427s2015----xo-----f-mn---000-0-slo-d | ||
| 040 | |a STU |b slo | ||
| 041 | 0 | |a slo | |
| 100 | 1 | |a Čonka, Viktor |u 010310 |4 aut |U SvF Stavebná fakulta |T SvF Katedra architektúry |X 103651 |U V181|V310 |Y 19 |7 103651 | |
| 242 | 0 | 1 | |a Family winery |y eng |
| 245 | 1 | 0 | |a Rodinné vinárstvo |
| 260 | |c 2025 | ||
| 650 | 4 | |a Bakalárska práca |2 slo | |
| 650 | 4 | |a Vinárstvo |2 slo | |
| 650 | 4 | |a Gravitačné Vinárstvo |2 slo | |
| 650 | 4 | |a Bachelor thesis |2 eng | |
| 650 | 4 | |a Winery |2 eng | |
| 650 | 4 | |a Gravity - flow Winery |2 eng | |
| 700 | 1 | |a Šmiralová, Monika |u 010310 |k Z1 |4 ths |U SvF Stavebná fakulta |T SvF Katedra architektúry |X 5225 |U V181|V310 |Y 19 |7 A000005225 | |
| 856 | 4 | |u http://is.stuba.sk/zp/portal_zp.pl?podrobnosti=193896 | |
| 856 | 4 | |u https://opac.crzp.sk/?fn=detailBiblioForm&sid=4013D2F8FE5692F45ACA284F6B33 |z CRZP | |